000 00299nam a22001337a 4500
008 171024b xxu||||| |||| 00| 0 eng d
020 _a9780130177018
041 _aeng
080 _a311
100 _a55
101 _aSTA
245 _aMODERN ELEMENTARY STATISTICS
_cFREUND, J.E
942 _2udc
_cBK
999 _c35667
_d35667